000 00952nam0a22002651 4500
001 rc\752445
005 20250622121006.0
035 _a(NLR Aleph) 006280793
090 _a7047313
_c7047313
100 _a20040301d1985 |||y0rusy50 ca
101 0 _arus
102 _aRU
105 _aa |||||||||
200 1 _aИ светел дом...
_eСтихи
_fАнатолий Гальченко
_g[Худож. С.И. Кобзев]
210 _aХарьков
_cПрапор
_d1985
215 _a39 с.
_cил.
_d16
327 0 _aЦиклы: Миг высоты; Ироническая пастель
464 0 _12001#$aМиг высоты
_tМиг высоты
464 0 _12001#$aИроническая пастель
_tИроническая пастель
700 1 _aГальченко
_bА.В.
_gАнатолий Васильевич
801 0 _aRU
_bNLR
_gpsbo
801 1 _aRU
_bELAR
_2rusmarc
852 _aNLR
_j85-2/2436
942 _cBOOK
980 _aNB